| 000 | 00872nam a22002657a 4500 | ||
|---|---|---|---|
| 003 | CHAP | ||
| 005 | 20240409124323.0 | ||
| 008 | 110331s2010 mx a r 00010 spa d | ||
| 010 | _a100806 | ||
| 011 | _a101778 | ||
| 020 | _a9786071201737 | ||
| 035 | _a112466 | ||
| 040 | _cCHAP | ||
| 082 | 0 | 4 |
_a635.642 _bM31 |
| 245 | 0 | 0 |
_aManual para la producción de tomate rojo en invernadero _c/por Clemente Villanueva Verduzco ...[et al.] |
| 260 |
_aChapingo, Méx. : _bUACH, _c2010 |
||
| 300 |
_a196 p. : _bilus., cuadros, diagramas, gráfs., |
||
| 590 |
_aBATCH-UPD _b10 _c20130110 _lUCH01 _h0852 |
||
| 590 |
_aCONVERSION _b10 _c20130109 _lUCH01 _h1356 |
||
| 650 | 1 | 4 |
_aTomate _xCultivos en invernadero. _9113704 |
| 700 | 1 |
_aVillanueva Verduzco, Clemente _9119524 |
|
| 901 | _aBK | ||
| 942 | _cLIBRO | ||
| 949 |
_a635.642 M31 _bBC _cUACH _d33724002258488 _eUACH _h114549 _i112466 _sb |
||
| 999 |
_c100806 _d100806 |
||